00708cam a22002411 4500001001300000003000400013005001700017008004100034010001700075035001800092040001800110042001200128050001600140100001900156245005500175260002400230300001900254500001700273500010700290504003100397650002100428999001700449sa 68008256 DLC20260227112530.0740207s1967 xx 000 0 ind  asa 68008256  a(OCoLC)792567 aDLCcOAUdDLC apremarc00aPJ6095b.J31 aJahja, Husein.10aBahasa dan sastera Arab,bdalam lintasan sedjarah. a[Jogjakarta?c1967] a 31 p.c33 cm. aCover title. a"Diutjapkan pada dies natalis ke VII I. A. I. N., Sunan Kalidjaga, tgl. 10 Djuni 1967, di Jogjakarta." aBibliographical footnotes. 0aArabic language. c82329d82329